| 000 | 00596nam a2200181 4500 | ||
|---|---|---|---|
| 001 | 110452 | ||
| 003 | ES-MaACL | ||
| 005 | 20251216172624.0 | ||
| 007 | t| | ||
| 008 | 061121s1952 sp r ||||1| spa d | ||
| 100 | 1 |
_aMolina Moles, Andrés. _981952 |
|
| 245 | 1 | 0 |
_aAlegre soledad _b: obra poética / _cAndrés Molina Moles; prólogo de Francisco Montero Galvache. |
| 260 |
_aSevilla : _b[s. n.], _c1952 ( _fTalls. Tip. Hijos Tomás lvarez) |
||
| 300 |
_a78 p. ; _c22 cm. |
||
| 700 | 0 |
_aMontero Galvache, Francisco _982523 |
|
| 852 |
_aES-MaACL _j1942-F-18 _bR.32774 |
||
| 999 |
_c110452 _d110452 |
||